to implement a generic fighter aircraft one dimensional longitudinal flight controls (pitch mode) using simulation techniques and implement it physically so as to simulate various flight stability charactertics and dynamic properties of the aircraft (Record no. 323229)
[ view plain ]
| 000 -LEADER | |
|---|---|
| fixed length control field | 00570 a2200133 4500 |
| 001 - CONTROL NUMBER | |
| control field | 88156 |
| 082 ## - DEWEY DECIMAL CLASSIFICATION NUMBER | |
| Classification number | PR 380 |
| 090 ## - LOCALLY ASSIGNED LC-TYPE CALL NUMBER (OCLC); LOCAL CALL NUMBER (RLIN) | |
| -- | 41566 |
| -- | 41566 |
| 100 ## - MAIN ENTRY--PERSONAL NAME | |
| Personal name | Haris Ali Khan; Shakil R Sheikh & Sher Afghan advisors |
| 245 ## - TITLE STATEMENT | |
| Title | to implement a generic fighter aircraft one dimensional longitudinal flight controls (pitch mode) using simulation techniques and implement it physically so as to simulate various flight stability charactertics and dynamic properties of the aircraft |
| Number of part/section of a work | G-62 |
| 260 ## - PUBLICATION, DISTRIBUTION, ETC. | |
| Place of publication, distribution, etc. | Risalpur |
| Name of publisher, distributor, etc. | NUST |
| Date of publication, distribution, etc. | 2007 |
| 300 ## - PHYSICAL DESCRIPTION | |
| Extent | ix, 99 p. |
| 500 ## - GENERAL NOTE | |
| General note | BE project reports |
| 942 ## - ADDED ENTRY ELEMENTS (KOHA) | |
| Institution code [OBSOLETE] | CAE NUST |
| Call number prefix | PR 380 |
| Withdrawn status | Lost status | Damaged status | Not for loan | Collection code | Permanent Location | Current Location | Date acquired | Total Checkouts | Full call number | Barcode | Date last seen | Price effective from | Koha item type |
|---|---|---|---|---|---|---|---|---|---|---|---|---|---|
| College of Aeronautical Engineering (CAE) | College of Aeronautical Engineering (CAE) | 04/03/2017 | PR 380 | CAEPR-380 | 04/05/2017 | 04/05/2017 | Book |
